| 000 | 00788cam a2200241 i 4500 | ||
|---|---|---|---|
| 005 | 20160131114244.0 | ||
| 008 | 990128t00001991-usac 0 eng d | ||
| 015 | _aNNN | ||
| 020 | _a1559631090 | ||
| 040 |
_aCO-BoPUJ _cCO-BoIAVH _dCO-BoIAVH |
||
| 041 | _aeng | ||
| 082 | 0 | 4 |
_a333.9516 _bL26l |
| 245 | 0 | 0 |
_aLandscape linkages and biodiversity / _cedited by Wendy E. Hudson |
| 260 |
_aWashington : _bIsland, _c1991. |
||
| 300 |
_a196 páginas ; _c17 cm. |
||
| 504 | _aIncluye referencias bibliográficas. | ||
| 650 | 1 | 4 | _aConservación de la diversidad biológica |
| 650 | 2 | 4 | _aConservación del medio ambiente |
| 650 | 2 | 4 | _aDiversidad biológica |
| 700 | 1 |
_aHudson, Wendy E., _eeditor. |
|
| 710 | 2 | _aDefenders of Wildlife | |
| 942 |
_2ddc _cLIBRO |
||
| 999 |
_c2542 _d2542 |
||